<?xml version="1.0" encoding="UTF-8"?>
<marc:record xmlns:marc="http://www.loc.gov/MARC21/slim">
   <marc:leader>00000nam a2200000 a 4500</marc:leader>
   <marc:datafield ind1="1" ind2=" " tag="100">
      <marc:subfield code="a">Lakomy, Reinhard &amp; Ehrhardt, Monika</marc:subfield>
      <marc:subfield code="4">aut</marc:subfield>
      <marc:subfield code="e">Verfasser/-in</marc:subfield>
   </marc:datafield>
   <marc:datafield ind1=" " ind2=" " tag="653">
      <marc:subfield code="a">Lieder</marc:subfield>
   </marc:datafield>
   <marc:datafield ind1=" " ind2=" " tag="653">
      <marc:subfield code="a">Sonstige-Hörbuch</marc:subfield>
   </marc:datafield>
   <marc:datafield ind1=" " ind2=" " tag="653">
      <marc:subfield code="a">Tonies</marc:subfield>
   </marc:datafield>
   <marc:datafield ind1="0" ind2="0" tag="245">
      <marc:subfield code="a">Der Traumzauberbaum-Geschichtenlieder</marc:subfield>
   </marc:datafield>
   <marc:datafield ind1="0" ind2="0" tag="245">
      <marc:subfield code="c">Lakomy, Reinhard &amp; Ehrhardt, Monika</marc:subfield>
   </marc:datafield>
   <marc:datafield ind1=" " ind2="1" tag="264">
      <marc:subfield code="a">Deutschland</marc:subfield>
      <marc:subfield code="b">Sony Music</marc:subfield>
      <marc:subfield code="c">2019</marc:subfield>
   </marc:datafield>
   <marc:datafield ind1="1" ind2=" " tag="520">
      <marc:subfield code="a">Tief im Wald steht der Traumzauberbaum, in dem zwei kleine Waldgeister wohnen. Mit ihrer goldenen Stimmgabel lassen sie die Traumblätter erklingen, die traumhafte und zugleich amüsante Geschichten und Lieder bereit halten. Sie erzählen von einsamen Eierbechern, niesenden Riesen und sanften Guten-Morgen-Küsschen.&#xD;
&#xD;
Eine wunderschöne Art, die kleinen Hörer und Hörerinnen in friedliche Träume zu schicken.&#xD;
&#xD;
Ab 3 Jahre&#xD;
&#xD;
Titelliste:&#xD;
01 - Traumzauberbaum&#xD;
02 - Küsschenlied&#xD;
03 - Der Pfannekuchenschreck&#xD;
04 - Der Eierbecher&#xD;
05 - Gespensterduett&#xD;
06 - Liebkoselied&#xD;
07 - Mary Lu&#xD;
08 - Frühlingslied&#xD;
09 - Ich bin doch kein Schneemann&#xD;
10 - Frosch Rock’n’Roll&#xD;
11 - Kleine Wolke&#xD;
12 - Lied von der Anstrengung, böse zu sein&#xD;
13 - Neidlied&#xD;
14 - Regenlied&#xD;
15 - Wie Riesen niesen&#xD;
16 - Klopsemops&#xD;
17 - Das Bächlein&#xD;
18 - Mondsilbertaufe&#xD;
19 - Eine kleine Stadt&#xD;
20 - Traumreise</marc:subfield>
   </marc:datafield>
   <marc:datafield ind1="3" ind2=" " tag="024">
      <marc:subfield code="a">4251192111128</marc:subfield>
   </marc:datafield>
   <marc:datafield ind1=" " ind2=" " tag="041">
      <marc:subfield code="a">ger</marc:subfield>
   </marc:datafield>
   <marc:datafield ind1=" " ind2=" " tag="300">
      <marc:subfield code="a">44 min</marc:subfield>
   </marc:datafield>
</marc:record>
